<?xml version="1.0" encoding="UTF-8"?>
<record
    xmlns:xsi="http://www.w3.org/2001/XMLSchema-instance"
    xsi:schemaLocation="http://www.loc.gov/MARC21/slim http://www.loc.gov/standards/marcxml/schema/MARC21slim.xsd"
    xmlns="http://www.loc.gov/MARC21/slim">

  <leader>01164nam a22002417a 4500</leader>
  <controlfield tag="005">20220224134647.0</controlfield>
  <controlfield tag="008">220224b          mx ||||| |||| 00| 0 spa d</controlfield>
  <datafield tag="020" ind1=" " ind2=" ">
    <subfield code="a">9686075887 (segunda edici&#xF3;n, primera en la Colecci&#xF3;n M&#xE9;xico Norte)</subfield>
  </datafield>
  <datafield tag="020" ind1=" " ind2=" ">
    <subfield code="a">9688568473 (Plaza y vald&#xE9;s)</subfield>
  </datafield>
  <datafield tag="050" ind1="0" ind2="4">
    <subfield code="a">GR108.5 </subfield>
    <subfield code="b">E57 2000</subfield>
  </datafield>
  <datafield tag="245" ind1=" " ind2=" ">
    <subfield code="a">Entre la magia y la historia : </subfield>
    <subfield code="b">tradiciones, mitos y leyendas de la frontera / </subfield>
    <subfield code="c">Jos&#xE9; Manuel Valenzuela Arce, compilador</subfield>
  </datafield>
  <datafield tag="250" ind1=" " ind2=" ">
    <subfield code="a">Segunda edici&#xF3;n </subfield>
    <subfield code="b">Primera reimpresi&#xF3;n</subfield>
  </datafield>
  <datafield tag="260" ind1=" " ind2=" ">
    <subfield code="a">Tijuana, B.C., M&#xE9;xico : </subfield>
    <subfield code="b">El Colegio de la Frontera Norte : </subfield>
    <subfield code="b">Plaza y Vald&#xE9;s, </subfield>
    <subfield code="c">2000</subfield>
  </datafield>
  <datafield tag="300" ind1=" " ind2=" ">
    <subfield code="a">372 p&#xE1;ginas : </subfield>
    <subfield code="b">ilustraciones ;</subfield>
    <subfield code="c">23 cm</subfield>
  </datafield>
  <datafield tag="490" ind1=" " ind2=" ">
    <subfield code="a">Colecci&#xF3;n M&#xE9;xico Norte</subfield>
  </datafield>
  <datafield tag="650" ind1=" " ind2="7">
    <subfield code="2">lemb</subfield>
    <subfield code="a">Folclore</subfield>
    <subfield code="z">Regi&#xF3;n fronteriza chicana</subfield>
    <subfield code="v">Congresos</subfield>
  </datafield>
  <datafield tag="650" ind1=" " ind2="7">
    <subfield code="2">lemb</subfield>
    <subfield code="a">Chicanos </subfield>
    <subfield code="x">Folklore</subfield>
    <subfield code="v">Congresos</subfield>
  </datafield>
  <datafield tag="650" ind1=" " ind2="7">
    <subfield code="2">lemb</subfield>
    <subfield code="a">Leyendas </subfield>
    <subfield code="z">Regi&#xF3;n fronteriza chicana </subfield>
    <subfield code="v">Congresos</subfield>
  </datafield>
  <datafield tag="651" ind1=" " ind2="7">
    <subfield code="2">lemb</subfield>
    <subfield code="a">Regi&#xF3;n fronteriza M&#xE9;xico-Americana </subfield>
    <subfield code="x">Vida social y costumbres</subfield>
    <subfield code="v">Congresos</subfield>
  </datafield>
  <datafield tag="651" ind1=" " ind2="7">
    <subfield code="2">lemb</subfield>
    <subfield code="a">Regi&#xF3;n fronteriza M&#xE9;xico-Americana </subfield>
    <subfield code="x">Historia</subfield>
    <subfield code="v">Congresos</subfield>
  </datafield>
  <datafield tag="700" ind1="1" ind2=" ">
    <subfield code="a">Valenzuela Arce, Jos&#xE9; Manuel, </subfield>
    <subfield code="d">1954- </subfield>
    <subfield code="e">editor</subfield>
  </datafield>
  <datafield tag="942" ind1=" " ind2=" ">
    <subfield code="2">lcc</subfield>
    <subfield code="c">LIB</subfield>
  </datafield>
  <datafield tag="999" ind1=" " ind2=" ">
    <subfield code="c">160636</subfield>
    <subfield code="d">160634</subfield>
  </datafield>
  <datafield tag="952" ind1=" " ind2=" ">
    <subfield code="1">0</subfield>
    <subfield code="2">lcc</subfield>
    <subfield code="4">0</subfield>
    <subfield code="7">0</subfield>
    <subfield code="a">INV-033</subfield>
    <subfield code="b">INV-033</subfield>
    <subfield code="c">GENERAL</subfield>
    <subfield code="d">2022-02-24</subfield>
    <subfield code="f">2a ed. 1a </subfield>
    <subfield code="i">H</subfield>
    <subfield code="k">CNE</subfield>
    <subfield code="l">0</subfield>
    <subfield code="o">GR108.5 E57 r2004</subfield>
    <subfield code="p">IIH000032229</subfield>
    <subfield code="r">2022-02-24 00:00:00</subfield>
    <subfield code="t">C:1</subfield>
    <subfield code="v">270.00</subfield>
    <subfield code="y">LIB</subfield>
  </datafield>
</record>
